000
00199nam a22000977a 4500
082
_a
823
_b
CHA/K
100
_a
CHATHANNOOR, NIRMALJITH
245
_a
KAAVYANGANA
650
_a
MALAYALAM STORY
942
_c
BK
999
_c
7704
_d
7704